000 00828nam a2200265Ia 4500
003 OSt
005 20220923221621.0
006 a|||||r|||| 00| 0
007 ta
008 220922b |||||||| |||| 00| 0 hin d
024 _a198,667
037 _cTextual
040 _aARTS
_cARTS
_bhin
041 _2hin
_ahin
082 _aP152:70D666, 152L4
100 _aगंगाधर, मधुकर
245 0 _aरेडियो लेखन
246 _aReḍiyo lekhana
260 _aपटना
_b बिहार हिनदी ग्रंथ अकादमी
_c1974
300 _a496पृ.
_ccm.
490 _aFYUP AL HINDI
650 _aहिन्दी भाषा
942 _hP152:70D666, 152L4
_cTEXL
_2CC
999 _c350476
_d350476